[Event "Team Championship Russia (Blitz, Men)"]
[Site "Sochi"]
[Date "2018.10.10"]
[Round "8.10"]
[White "Alekseev, Evgeny"]
[Black "Antipov, Mikhail Al."]
[Result "1-0"]
[BlackElo "2491"]
[WhiteElo "2629"]
[LiveChessVersion "1.4.8"]

1. e4 {[%clk 0:03:03]} e6 {[%clk 0:03:04]} 2. d4 {[%clk 0:03:04]} d5
{[%clk 0:03:05]} 3. Nc3 {[%clk 0:03:05]} Bb4 {[%clk 0:03:06]} 4. exd5
{[%clk 0:03:06]} exd5 {[%clk 0:03:05]} 5. Bd3 {[%clk 0:03:07]} Nf6
{[%clk 0:03:02]} 6. Nge2 {[%clk 0:03:05]} O-O {[%clk 0:03:01]} 7. O-O
{[%clk 0:03:02]} Re8 {[%clk 0:03:01]} 8. a3 {[%clk 0:02:52]} Be7 {[%clk 0:02:53]}
9. Ng3 {[%clk 0:02:50]} c6 {[%clk 0:02:48]} 10. Re1 {[%clk 0:02:46]} Nbd7
{[%clk 0:02:39]} 11. Nf5 {[%clk 0:02:39]} Bf8 {[%clk 0:02:35]} 12. Bf4
{[%clk 0:02:31]} Nb6 {[%clk 0:02:04]} 13. Qf3 {[%clk 0:02:13]} Bxf5
{[%clk 0:01:09]} 14. Bxf5 {[%clk 0:02:13]} Nc4 {[%clk 0:01:09]} 15. b3
{[%clk 0:01:55]} Nd6 {[%clk 0:01:06]} 16. Rxe8 {[%clk 0:01:47]} Nfxe8
{[%clk 0:00:57]} 17. Bd3 {[%clk 0:01:45]} Nc7 {[%clk 0:00:44]} 18. Ne2
{[%clk 0:01:43]} Ne6 {[%clk 0:00:44]} 19. Bd2 {[%clk 0:01:34]} Qh4
{[%clk 0:00:34]} 20. c3 {[%clk 0:01:30]} g6 {[%clk 0:00:34]} 21. g3
{[%clk 0:01:20]} Qe7 {[%clk 0:00:19]} 22. h4 {[%clk 0:01:17]} Re8
{[%clk 0:00:17]} 23. Re1 {[%clk 0:01:13]} Ne4 {[%clk 0:00:05]} 24. Bxe4
{[%clk 0:01:00]} dxe4 {[%clk 0:00:06]} 25. Qxe4 {[%clk 0:01:01]} Ng5
{[%clk 0:00:07]} 26. Qg2 {[%clk 0:00:52]} Ne4 {[%clk 0:00:07]} 27. Nf4
{[%clk 0:00:48]} Nxd2 {[%clk 0:00:04]} 28. Rxe7 Rxe7 {[%clk 0:00:05]} 29. b4
{[%clk 0:00:39]} Re1+ {[%clk 0:00:06]} 30. Kh2 {[%clk 0:00:41]} Nc4
{[%clk 0:00:04]} 31. Nd3 {[%clk 0:00:35]} Re7 {[%clk 0:00:04]} 32. a4
{[%clk 0:00:34]} Bg7 {[%clk 0:00:04]} 33. Qf3 {[%clk 0:00:34]} a6
{[%clk 0:00:04]} 34. a5 {[%clk 0:00:34]} h5 {[%clk 0:00:04]} 35. Qd1
{[%clk 0:00:32]} Bh6 {[%clk 0:00:04]} 36. Kg2 {[%clk 0:00:27]} Nd6
{[%clk 0:00:04]} 37. Ne5 {[%clk 0:00:26]} Bg7 {[%clk 0:00:05]} 38. Qd3
{[%clk 0:00:23]} Nb5 {[%clk 0:00:05]} 39. Nf3 {[%clk 0:00:22]} Nc7
{[%clk 0:00:05]} 40. c4 {[%clk 0:00:23]} Rd7 {[%clk 0:00:04]} 41. Qe4
{[%clk 0:00:24]} Ne6 {[%clk 0:00:04]} 42. d5 {[%clk 0:00:23]} cxd5
{[%clk 0:00:05]} 43. cxd5 {[%clk 0:00:25]} Nc7 {[%clk 0:00:05]} 44. Qc4
{[%clk 0:00:18]} Kf8 {[%clk 0:00:03]} 45. d6 {[%clk 0:00:18]} Ne8
{[%clk 0:00:03]} 46. Qc8 {[%clk 0:00:18]} Rxd6 {[%clk 0:00:03]} 47. Qxb7
{[%clk 0:00:19]} Bf6 {[%clk 0:00:04]} 48. Ng5 {[%clk 0:00:18]} Bxg5
{[%clk 0:00:03]} 49. hxg5 {[%clk 0:00:19]} Re6 {[%clk 0:00:03]} 50. b5
{[%clk 0:00:18]} axb5 {[%clk 0:00:04]} 51. a6 {[%clk 0:00:18]} Nd6
{[%clk 0:00:04]} 52. Qb8+ {[%clk 0:00:18]} 1-0

[Event "Team Championship Russia (Blitz, Men)"]
[Site "Sochi"]
[Date "2018.10.10"]
[Round "8.11"]
[White "Yuffa, Daniil"]
[Black "Usmanov, Vasily"]
[Result "1/2-1/2"]
[BlackElo "2446"]
[WhiteElo "2470"]
[LiveChessVersion "1.4.8"]

1. e4 {[%clk 0:03:03]} e6 {[%clk 0:03:03]} 2. d4 {[%clk 0:03:04]} d5
{[%clk 0:03:05]} 3. Nc3 {[%clk 0:03:06]} Nf6 {[%clk 0:03:06]} 4. e5
{[%clk 0:03:07]} Nfd7 {[%clk 0:03:07]} 5. Nce2 {[%clk 0:03:08]} c5
{[%clk 0:03:08]} 6. c3 {[%clk 0:03:09]} Nc6 {[%clk 0:03:09]} 7. Nf3
{[%clk 0:03:10]} Qb6 {[%clk 0:02:56]} 8. h4 {[%clk 0:03:03]} a5 {[%clk 0:02:57]}
9. a3 {[%clk 0:02:58]} a4 {[%clk 0:02:41]} 10. Nf4 {[%clk 0:02:59]} cxd4
{[%clk 0:02:35]} 11. cxd4 {[%clk 0:03:00]} Be7 {[%clk 0:02:27]} 12. g3
{[%clk 0:02:46]} Qb3 {[%clk 0:02:21]} 13. Bd3 {[%clk 0:02:13]} Qxd1+
{[%clk 0:02:21]} 14. Kxd1 {[%clk 0:02:15]} Nb6 {[%clk 0:02:20]} 15. Ke2
{[%clk 0:02:09]} Bd7 {[%clk 0:02:21]} 16. Bd2 {[%clk 0:02:05]} Na5
{[%clk 0:02:20]} 17. Bb4 {[%clk 0:01:56]} Nbc4 {[%clk 0:02:02]} 18. Rab1
{[%clk 0:01:38]} Bb5 {[%clk 0:01:59]} 19. Rhc1 {[%clk 0:01:35]} Bxb4
{[%clk 0:01:50]} 20. axb4 {[%clk 0:01:37]} Nc6 {[%clk 0:01:49]} 21. Kf1
{[%clk 0:01:26]} Nxb4 {[%clk 0:01:47]} 22. Be2 {[%clk 0:01:27]} Ke7
{[%clk 0:01:46]} 23. Rc3 {[%clk 0:01:23]} Ba6 {[%clk 0:01:39]} 24. Ra1
{[%clk 0:01:10]} b5 {[%clk 0:01:37]} 25. b3 {[%clk 0:01:06]} axb3
{[%clk 0:01:37]} 26. Rxb3 {[%clk 0:01:08]} Nc6 {[%clk 0:01:26]} 27. Nd3
{[%clk 0:01:09]} b4 {[%clk 0:01:21]} 28. Nxb4 {[%clk 0:00:52]} Nxd4
{[%clk 0:01:15]} 29. Nxd4 {[%clk 0:00:45]} Nd2+ {[%clk 0:01:17]} 30. Kg2
{[%clk 0:00:44]} Nxb3 {[%clk 0:01:16]} 31. Ndc6+ {[%clk 0:00:43]} Kd7
{[%clk 0:01:16]} 32. Rxa6 {[%clk 0:00:43]} Nc5 {[%clk 0:00:53]} 33. Rb6
{[%clk 0:00:39]} Kc7 {[%clk 0:00:53]} 34. Rb5 {[%clk 0:00:41]} Ne4
{[%clk 0:00:52]} 35. Nd4 {[%clk 0:00:34]} Ra1 {[%clk 0:00:32]} 36. f3
{[%clk 0:00:34]} Nd2 {[%clk 0:00:32]} 37. Rc5+ {[%clk 0:00:34]} Kb6
{[%clk 0:00:31]} 38. Rc2 {[%clk 0:00:26]} Nc4 {[%clk 0:00:25]} 39. Bxc4
{[%clk 0:00:27]} dxc4 {[%clk 0:00:26]} 40. Rxc4 {[%clk 0:00:27]} Rd8
{[%clk 0:00:26]} 41. Nbc2 {[%clk 0:00:26]} Rc1 {[%clk 0:00:24]} 42. Rb4+
{[%clk 0:00:16]} Kc5 {[%clk 0:00:23]} 43. Rb7 {[%clk 0:00:14]} Rxd4
{[%clk 0:00:08]} 44. Nxd4 {[%clk 0:00:15]} Kxd4 {[%clk 0:00:10]} 45. Rxf7
{[%clk 0:00:13]} g6 {[%clk 0:00:10]} 46. f4 {[%clk 0:00:11]} Ke4 {[%clk 0:00:11]}
47. Rxh7 {[%clk 0:00:12]} Rc2+ {[%clk 0:00:14]} 48. Kh3 {[%clk 0:00:08]} Kf3
{[%clk 0:00:15]} 49. Ra7 {[%clk 0:00:10]} Rc3 {[%clk 0:00:11]} 50. Ra2
{[%clk 0:00:10]} Rb3 {[%clk 0:00:12]} 51. Rc2 {[%clk 0:00:06]} Ra3
{[%clk 0:00:14]} 52. Rg2 {[%clk 0:00:06]} Ra1 {[%clk 0:00:12]} 53. Kh2
{[%clk 0:00:07]} Kg4 {[%clk 0:00:13]} 54. Rd2 {[%clk 0:00:05]} Ra3
{[%clk 0:00:12]} 55. Rd6 {[%clk 0:00:04]} Ra2+ {[%clk 0:00:13]} 56. Kg1
{[%clk 0:00:05]} Kxg3 57. Kf1 Kf3 {[%clk 0:00:11]} 58. Kg1 {[%clk 0:00:07]} Kg3
{[%clk 0:00:12]} 59. Kf1 Kf3 60. Kg1 {[%clk 0:00:08]} 1/2-1/2

[Event "Team Championship Russia (Blitz, Men)"]
[Site "Sochi"]
[Date "2018.10.10"]
[Round "8.12"]
[White "Romanov, Evgeny"]
[Black "Kryakvin, Dmitry"]
[Result "0-1"]
[BlackElo "2468"]
[WhiteElo "2523"]
[LiveChessVersion "1.4.8"]

1. b3 {[%clk 0:03:03]} Nf6 {[%clk 0:03:00]} 2. Bb2 {[%clk 0:03:04]} e6
{[%clk 0:03:01]} 3. g3 {[%clk 0:03:04]} Be7 4. Bg2 O-O {[%clk 0:03:02]} 5. Nf3
{[%clk 0:03:05]} c5 {[%clk 0:03:01]} 6. O-O {[%clk 0:03:05]} Nc6 {[%clk 0:03:01]}
7. e3 {[%clk 0:03:06]} d5 {[%clk 0:02:59]} 8. d4 {[%clk 0:03:07]} cxd4
{[%clk 0:02:59]} 9. exd4 {[%clk 0:03:08]} b6 {[%clk 0:02:57]} 10. Nbd2
{[%clk 0:03:08]} Bb7 {[%clk 0:02:58]} 11. Re1 {[%clk 0:03:09]} Re8
{[%clk 0:02:56]} 12. a3 {[%clk 0:03:06]} Bf8 {[%clk 0:02:57]} 13. Ne5
{[%clk 0:03:05]} Nxe5 {[%clk 0:02:52]} 14. dxe5 {[%clk 0:03:06]} Nd7
{[%clk 0:02:53]} 15. Nf3 {[%clk 0:02:58]} Nc5 {[%clk 0:02:48]} 16. Nd4
{[%clk 0:02:55]} a6 {[%clk 0:02:44]} 17. Qg4 {[%clk 0:02:32]} g6 {[%clk 0:02:41]}
18. h4 {[%clk 0:02:28]} Rc8 {[%clk 0:02:35]} 19. h5 {[%clk 0:02:23]} Bg7
{[%clk 0:02:35]} 20. hxg6 {[%clk 0:02:15]} hxg6 {[%clk 0:02:36]} 21. Rad1
{[%clk 0:02:12]} Qc7 {[%clk 0:02:28]} 22. Qf4 {[%clk 0:02:03]} Ne4
{[%clk 0:02:22]} 23. c4 {[%clk 0:01:56]} Qxe5 {[%clk 0:01:59]} 24. Qxe5
{[%clk 0:01:39]} Bxe5 {[%clk 0:02:00]} 25. f3 {[%clk 0:01:34]} Bxg3
{[%clk 0:01:49]} 26. fxe4 {[%clk 0:01:33]} Bxe1 {[%clk 0:01:50]} 27. Rxe1
{[%clk 0:01:34]} dxc4 {[%clk 0:01:42]} 28. bxc4 {[%clk 0:01:30]} Rxc4
{[%clk 0:01:42]} 29. Nb3 {[%clk 0:01:18]} e5 {[%clk 0:01:38]} 30. Re2
{[%clk 0:01:02]} f6 {[%clk 0:01:38]} 31. Kf2 {[%clk 0:00:59]} Kg7
{[%clk 0:01:34]} 32. Nc1 {[%clk 0:00:56]} Rec8 {[%clk 0:01:30]} 33. Nd3
{[%clk 0:00:53]} Rc2 {[%clk 0:01:31]} 34. Bh3 {[%clk 0:00:50]} Rxe2+
{[%clk 0:01:24]} 35. Kxe2 {[%clk 0:00:51]} Rc4 {[%clk 0:01:24]} 36. Nb4
{[%clk 0:00:46]} a5 {[%clk 0:01:17]} 37. Nd3 {[%clk 0:00:45]} Bxe4
{[%clk 0:01:15]} 38. Kd2 {[%clk 0:00:44]} b5 {[%clk 0:01:06]} 39. Bc3
{[%clk 0:00:42]} Bxd3 {[%clk 0:01:01]} 40. Kxd3 {[%clk 0:00:44]} Rh4
{[%clk 0:01:02]} 41. Bd7 {[%clk 0:00:41]} b4 {[%clk 0:01:03]} 42. axb4
{[%clk 0:00:42]} axb4 {[%clk 0:01:05]} 43. Bb2 {[%clk 0:00:42]} Rh2
{[%clk 0:01:03]} 44. Ba1 {[%clk 0:00:39]} Ra2 {[%clk 0:01:03]} 45. Kd4 0-1

[Event "Team Championship Russia (Blitz, Men)"]
[Site "Sochi"]
[Date "2018.10.10"]
[Round "8.13"]
[White "Ponkratov, Pavel"]
[Black "Rakhmanov, Aleksandr"]
[Result "1-0"]
[BlackElo "2578"]
[WhiteElo "2647"]
[LiveChessVersion "1.4.8"]

1. e4 {[%clk 0:03:02]} d5 {[%clk 0:03:04]} 2. exd5 {[%clk 0:03:03]} Qxd5
{[%clk 0:03:05]} 3. d4 {[%clk 0:03:01]} g6 {[%clk 0:03:06]} 4. Nf3
{[%clk 0:03:01]} Bg7 {[%clk 0:03:07]} 5. c4 {[%clk 0:03:02]} Qd8 {[%clk 0:03:05]}
6. h3 {[%clk 0:03:02]} Nh6 {[%clk 0:03:06]} 7. g4 {[%clk 0:03:01]} f5
{[%clk 0:03:07]} 8. g5 {[%clk 0:02:50]} Nf7 {[%clk 0:03:08]} 9. Nc3
{[%clk 0:02:50]} e5 {[%clk 0:03:01]} 10. dxe5 {[%clk 0:02:46]} Qxd1+
{[%clk 0:03:01]} 11. Kxd1 {[%clk 0:02:47]} Nxe5 {[%clk 0:02:56]} 12. Nxe5
{[%clk 0:02:47]} Bxe5 {[%clk 0:02:57]} 13. Bg2 {[%clk 0:02:48]} Bxc3
{[%clk 0:02:35]} 14. bxc3 {[%clk 0:02:48]} c6 {[%clk 0:02:30]} 15. Bf4
{[%clk 0:02:48]} Kf7 {[%clk 0:02:25]} 16. Kc2 {[%clk 0:02:49]} Nd7
{[%clk 0:02:14]} 17. Bd6 {[%clk 0:02:48]} Nb6 {[%clk 0:02:12]} 18. c5
{[%clk 0:02:48]} Nc4 {[%clk 0:02:10]} 19. Bf4 {[%clk 0:02:24]} Be6
{[%clk 0:02:04]} 20. Rad1 {[%clk 0:02:24]} Rhd8 {[%clk 0:02:01]} 21. Rd4
{[%clk 0:02:23]} Na3+ {[%clk 0:01:41]} 22. Kb2 {[%clk 0:02:09]} Nc4+
{[%clk 0:01:42]} 23. Kc1 {[%clk 0:02:08]} Rxd4 {[%clk 0:01:39]} 24. cxd4
{[%clk 0:02:09]} Bd5 {[%clk 0:01:40]} 25. Bxd5+ {[%clk 0:02:05]} cxd5
{[%clk 0:01:41]} 26. Kc2 {[%clk 0:02:06]} Re8 {[%clk 0:01:28]} 27. Kd3
{[%clk 0:02:06]} Re4 {[%clk 0:01:27]} 28. Bb8 {[%clk 0:02:01]} a6
{[%clk 0:01:11]} 29. Rb1 {[%clk 0:02:00]} Re7 {[%clk 0:01:12]} 30. Bd6
{[%clk 0:01:39]} Rd7 {[%clk 0:01:12]} 31. Bf4 {[%clk 0:01:39]} Na5
{[%clk 0:00:58]} 32. h4 {[%clk 0:01:37]} Nc6 {[%clk 0:00:59]} 33. f3
{[%clk 0:01:33]} Ke8 {[%clk 0:00:49]} 34. a4 {[%clk 0:01:24]} Kf7
{[%clk 0:00:49]} 35. Bd6 {[%clk 0:01:22]} Nd8 {[%clk 0:00:41]} 36. Rh1
{[%clk 0:01:06]} Kg8 {[%clk 0:00:30]} 37. Be5 {[%clk 0:01:00]} Nc6
{[%clk 0:00:29]} 38. h5 {[%clk 0:00:57]} Ne7 {[%clk 0:00:20]} 39. hxg6
{[%clk 0:00:50]} Nxg6 {[%clk 0:00:21]} 40. f4 {[%clk 0:00:49]} Re7
{[%clk 0:00:14]} 41. Rb1 {[%clk 0:00:45]} Rd7 {[%clk 0:00:12]} 42. Rb6
{[%clk 0:00:45]} Ne7 {[%clk 0:00:14]} 43. Rd6 {[%clk 0:00:43]} Rxd6
{[%clk 0:00:05]} 44. cxd6 {[%clk 0:00:44]} Nc6 {[%clk 0:00:05]} 45. d7
{[%clk 0:00:45]} Kf7 {[%clk 0:00:05]} 46. Bf6 {[%clk 0:00:46]} b5
{[%clk 0:00:05]} 47. axb5 {[%clk 0:00:45]} axb5 {[%clk 0:00:06]} 48. d8=Q
{[%clk 0:00:44]} Nxd8 {[%clk 0:00:07]} 49. Bxd8 {[%clk 0:00:44]} 1-0

[Event "Team Championship Russia (Blitz, Men)"]
[Site "Sochi"]
[Date "2018.10.10"]
[Round "8.14"]
[White "Rozum, Ivan"]
[Black "Lysyj, Igor"]
[Result "1/2-1/2"]
[BlackElo "2575"]
[WhiteElo "2595"]
[LiveChessVersion "1.4.8"]

1. c4 {[%clk 0:03:03]} e6 {[%clk 0:03:03]} 2. Nc3 {[%clk 0:03:03]} d5
{[%clk 0:03:04]} 3. e3 {[%clk 0:03:03]} Nf6 {[%clk 0:02:57]} 4. Nf3
{[%clk 0:03:04]} dxc4 {[%clk 0:02:58]} 5. Bxc4 {[%clk 0:03:05]} c5
{[%clk 0:02:59]} 6. O-O {[%clk 0:03:05]} Nc6 {[%clk 0:02:59]} 7. Qe2
{[%clk 0:02:54]} a6 {[%clk 0:02:59]} 8. a4 {[%clk 0:02:55]} Be7 {[%clk 0:02:57]}
9. Rd1 {[%clk 0:02:56]} O-O {[%clk 0:02:56]} 10. d4 {[%clk 0:02:57]} Qc7
{[%clk 0:02:56]} 11. h3 {[%clk 0:02:45]} Rd8 {[%clk 0:02:47]} 12. dxc5
{[%clk 0:02:20]} Rxd1+ {[%clk 0:02:44]} 13. Qxd1 {[%clk 0:02:21]} Bxc5
{[%clk 0:02:44]} 1/2-1/2

[Event "Team Championship Russia (Blitz, Men)"]
[Site "Sochi"]
[Date "2018.10.10"]
[Round "8.15"]
[White "Shcherbakov, Ruslan"]
[Black "Moiseenko, Vadim"]
[Result "0-1"]
[BlackElo "2421"]
[WhiteElo "2501"]
[LiveChessVersion "1.4.8"]

1. e4 {[%clk 0:03:01]} e5 {[%clk 0:03:03]} 2. Bc4 {[%clk 0:02:59]} Nf6
{[%clk 0:03:02]} 3. d3 {[%clk 0:03:00]} c6 {[%clk 0:03:03]} 4. Nf3
{[%clk 0:02:57]} d5 5. Bb3 a5 {[%clk 0:03:05]} 6. a3 {[%clk 0:02:49]} a4
{[%clk 0:03:06]} 7. Ba2 {[%clk 0:02:50]} Bd6 {[%clk 0:03:03]} 8. Nc3
{[%clk 0:02:46]} Be6 {[%clk 0:02:57]} 9. O-O {[%clk 0:02:31]} O-O
{[%clk 0:02:57]} 10. Bg5 {[%clk 0:02:24]} Ra5 {[%clk 0:02:52]} 11. Re1
{[%clk 0:02:16]} Nbd7 {[%clk 0:02:53]} 12. h3 {[%clk 0:01:56]} h6
{[%clk 0:02:53]} 13. Bh4 {[%clk 0:01:29]} Qc7 {[%clk 0:02:34]} 14. Bg3
{[%clk 0:01:26]} Re8 {[%clk 0:02:23]} 15. Bh2 {[%clk 0:01:25]} d4
{[%clk 0:01:53]} 16. Bxe6 {[%clk 0:01:21]} Rxe6 {[%clk 0:01:53]} 17. Ne2
{[%clk 0:01:15]} c5 {[%clk 0:01:54]} 18. Nd2 {[%clk 0:01:10]} b5 {[%clk 0:01:54]}
19. c4 {[%clk 0:01:08]} Nb6 {[%clk 0:01:48]} 20. Rc1 {[%clk 0:01:09]} Qb7
{[%clk 0:01:37]} 21. Qc2 {[%clk 0:01:09]} bxc4 {[%clk 0:01:30]} 22. Nxc4
{[%clk 0:01:09]} Nxc4 {[%clk 0:01:31]} 23. dxc4 {[%clk 0:01:08]} Qxe4
{[%clk 0:01:31]} 24. Qd2 {[%clk 0:01:05]} Qa8 {[%clk 0:01:32]} 25. Ng3
{[%clk 0:01:03]} e4 {[%clk 0:01:27]} 26. Nf5 {[%clk 0:00:53]} Bxh2+
{[%clk 0:01:28]} 27. Kxh2 {[%clk 0:00:55]} Ra7 {[%clk 0:01:26]} 28. Qf4
{[%clk 0:00:54]} Kh7 {[%clk 0:01:15]} 29. g4 {[%clk 0:00:51]} g5 {[%clk 0:01:06]}
30. Qg3 {[%clk 0:00:50]} Rb7 {[%clk 0:01:07]} 31. Rc2 {[%clk 0:00:50]} Qb8
{[%clk 0:01:07]} 32. Rce2 {[%clk 0:00:48]} Qxg3+ {[%clk 0:01:04]} 33. Nxg3
{[%clk 0:00:49]} Kg6 {[%clk 0:00:58]} 34. Nxe4 {[%clk 0:00:48]} Nxe4
{[%clk 0:00:59]} 35. Rxe4 {[%clk 0:00:50]} Rxe4 {[%clk 0:00:57]} 36. Rxe4
{[%clk 0:00:51]} Rxb2 {[%clk 0:00:59]} 37. Kg2 {[%clk 0:00:51]} Rc2
{[%clk 0:00:57]} 38. Re5 {[%clk 0:00:41]} Rxc4 {[%clk 0:00:57]} 39. Kf3
{[%clk 0:00:43]} Rc3+ {[%clk 0:00:57]} 40. Ke4 {[%clk 0:00:44]} d3
{[%clk 0:00:41]} 41. Ke3 {[%clk 0:00:22]} c4 {[%clk 0:00:40]} 42. Rd5
{[%clk 0:00:24]} Rxa3 {[%clk 0:00:39]} 43. Rd6+ {[%clk 0:00:23]} f6
{[%clk 0:00:40]} 44. f4 {[%clk 0:00:06]} gxf4+ {[%clk 0:00:38]} 45. Kxf4
{[%clk 0:00:07]} Ra1 {[%clk 0:00:31]} 46. h4 {[%clk 0:00:08]} h5 {[%clk 0:00:25]}
47. g5 {[%clk 0:00:09]} Rf1+ {[%clk 0:00:26]} 48. Ke3 {[%clk 0:00:09]} a3
{[%clk 0:00:26]} 49. Ra6 {[%clk 0:00:10]} d2 {[%clk 0:00:20]} 50. Kxd2
{[%clk 0:00:09]} a2 {[%clk 0:00:21]} 0-1

[Event "Team Championship Russia (Blitz, Men)"]
[Site "Sochi"]
[Date "2018.10.10"]
[Round "8.16"]
[White "Gogolev, Artem"]
[Black "Remizov, Yaroslav"]
[Result "1/2-1/2"]
[BlackElo "2227"]
[WhiteElo "2360"]
[LiveChessVersion "1.4.8"]

1. c4 {[%clk 0:03:01]} e6 {[%clk 0:02:55]} 2. g3 {[%clk 0:03:02]} d5
{[%clk 0:02:56]} 3. Bg2 {[%clk 0:03:03]} Nf6 {[%clk 0:02:57]} 4. Nf3
{[%clk 0:03:04]} dxc4 {[%clk 0:02:58]} 5. Qa4+ {[%clk 0:03:04]} c6
{[%clk 0:03:00]} 6. Qxc4 {[%clk 0:03:04]} b5 {[%clk 0:03:01]} 7. Qc2
{[%clk 0:03:05]} Bb7 {[%clk 0:03:02]} 8. O-O {[%clk 0:03:03]} Nbd7
{[%clk 0:02:55]} 9. Nc3 {[%clk 0:02:57]} b4 {[%clk 0:02:44]} 10. Ne4
{[%clk 0:02:42]} c5 {[%clk 0:02:32]} 11. Nxf6+ {[%clk 0:02:42]} Nxf6
{[%clk 0:02:19]} 12. a3 {[%clk 0:02:30]} Be7 {[%clk 0:02:12]} 13. d4
{[%clk 0:02:01]} 1/2-1/2

[Event "Team Championship Russia (Blitz, Men)"]
[Site "Sochi"]
[Date "2018.10.10"]
[Round "8.17"]
[White "Triapishko, Alexandr"]
[Black "Artemiev, Vladislav"]
[Result "0-1"]
[BlackElo "2849"]
[WhiteElo "2560"]
[LiveChessVersion "1.4.8"]

1. e4 {[%clk 0:03:02]} c6 {[%clk 0:03:03]} 2. d4 {[%clk 0:03:02]} d5
{[%clk 0:03:04]} 3. exd5 {[%clk 0:03:02]} cxd5 {[%clk 0:03:05]} 4. Bd3
{[%clk 0:03:03]} Nc6 {[%clk 0:03:06]} 5. c3 {[%clk 0:03:04]} Qc7 {[%clk 0:03:08]}
6. Ne2 {[%clk 0:03:01]} Bg4 {[%clk 0:03:08]} 7. O-O {[%clk 0:03:00]} e6
{[%clk 0:03:07]} 8. Qe1 {[%clk 0:02:45]} Bd6 {[%clk 0:03:07]} 9. Ng3
{[%clk 0:02:40]} Nf6 {[%clk 0:02:58]} 10. h3 {[%clk 0:02:09]} Bh5
{[%clk 0:02:59]} 11. Nxh5 {[%clk 0:01:58]} Nxh5 {[%clk 0:03:00]} 12. Qe2
{[%clk 0:01:41]} Nf4 {[%clk 0:03:00]} 13. Bxf4 {[%clk 0:01:41]} Bxf4
{[%clk 0:02:59]} 14. Na3 {[%clk 0:01:41]} O-O {[%clk 0:02:52]} 15. Nc2
{[%clk 0:01:36]} g6 {[%clk 0:02:53]} 16. Kh1 {[%clk 0:01:25]} Kg7
{[%clk 0:02:54]} 17. g3 {[%clk 0:01:24]} Bd6 {[%clk 0:02:55]} 18. Kg2
{[%clk 0:01:22]} a6 {[%clk 0:02:50]} 19. a4 {[%clk 0:01:17]} Rfe8
{[%clk 0:02:48]} 20. Ne3 {[%clk 0:01:09]} h5 {[%clk 0:02:44]} 21. h4
{[%clk 0:00:50]} Ne7 {[%clk 0:02:45]} 22. Qf3 {[%clk 0:00:43]} Ng8
{[%clk 0:02:46]} 23. Rfc1 {[%clk 0:00:27]} Nf6 {[%clk 0:02:42]} 24. Re1
{[%clk 0:00:15]} Rab8 {[%clk 0:02:38]} 25. Ra2 {[%clk 0:00:16]} Qc6
{[%clk 0:02:26]} 26. Raa1 {[%clk 0:00:08]} Re7 {[%clk 0:02:20]} 27. g4
{[%clk 0:00:06]} hxg4 {[%clk 0:02:19]} 28. Nxg4 {[%clk 0:00:07]} Nh5
{[%clk 0:02:21]} 29. Ne5 {[%clk 0:00:06]} Qc7 {[%clk 0:02:10]} 30. Qg4
{[%clk 0:00:07]} Bxe5 {[%clk 0:02:05]} 31. Rxe5 {[%clk 0:00:08]} Rh8
{[%clk 0:02:06]} 32. Rae1 {[%clk 0:00:06]} Rh6 {[%clk 0:01:58]} 33. Qf3
{[%clk 0:00:06]} f6 {[%clk 0:01:50]} 34. R5e3 {[%clk 0:00:04]} Nf4+
{[%clk 0:01:51]} 35. Kg1 {[%clk 0:00:04]} Rxh4 {[%clk 0:01:51]} 36. Qg3
{[%clk 0:00:03]} Rh5 {[%clk 0:01:35]} 37. Qf3 {[%clk 0:00:03]} Re8
{[%clk 0:01:25]} 38. Bf1 {[%clk 0:00:03]} Rg5+ {[%clk 0:01:25]} 0-1

[Event "Team Championship Russia (Blitz, Men)"]
[Site "Sochi"]
[Date "2018.10.10"]
[Round "8.19"]
[White "Papenin, Nikolai"]
[Black "Timofeev, Artyom"]
[Result "1/2-1/2"]
[BlackElo "2610"]
[WhiteElo "2337"]
[LiveChessVersion "1.4.8"]

1. d4 {[%clk 0:03:04]} d5 {[%clk 0:03:02]} 2. Nf3 {[%clk 0:03:04]} Nf6
{[%clk 0:03:03]} 3. g3 {[%clk 0:03:05]} g6 {[%clk 0:03:03]} 4. Bg2
{[%clk 0:03:06]} Bg7 {[%clk 0:03:04]} 5. O-O {[%clk 0:03:07]} O-O
{[%clk 0:03:05]} 6. c4 {[%clk 0:03:06]} dxc4 {[%clk 0:03:05]} 7. Nbd2
{[%clk 0:02:56]} c6 {[%clk 0:02:45]} 8. Nxc4 {[%clk 0:02:56]} Be6
{[%clk 0:02:46]} 9. Nce5 {[%clk 0:02:50]} Bd5 {[%clk 0:02:46]} 10. Bg5
{[%clk 0:02:47]} h6 {[%clk 0:02:46]} 11. Bf4 {[%clk 0:02:47]} Na6
{[%clk 0:02:42]} 12. a3 {[%clk 0:02:48]} Nc7 {[%clk 0:02:43]} 13. Nd3
{[%clk 0:02:25]} Ne6 {[%clk 0:02:34]} 14. Be5 {[%clk 0:02:26]} a5
{[%clk 0:02:35]} 15. b4 {[%clk 0:02:19]} axb4 {[%clk 0:02:29]} 16. axb4
{[%clk 0:02:20]} Qb6 {[%clk 0:02:29]} 17. Rb1 {[%clk 0:02:16]} Qb5
{[%clk 0:02:28]} 18. Nc5 {[%clk 0:02:10]} Ne4 {[%clk 0:02:15]} 19. Qc1
{[%clk 0:01:33]} Ra2 {[%clk 0:02:04]} 20. Bxg7 {[%clk 0:01:26]} Kxg7
{[%clk 0:02:03]} 21. Re1 {[%clk 0:01:02]} Rfa8 {[%clk 0:01:51]} 22. Qe3
{[%clk 0:00:54]} R8a3 {[%clk 0:01:39]} 23. Nxe6+ {[%clk 0:00:54]} fxe6
{[%clk 0:01:37]} 24. Qf4 {[%clk 0:00:56]} Rxe2 {[%clk 0:01:11]} 25. Qe5+
{[%clk 0:00:48]} Kh7 {[%clk 0:01:00]} 26. Qc7 {[%clk 0:00:45]} Rxe1+
{[%clk 0:00:55]} 27. Nxe1 {[%clk 0:00:46]} Qe2 {[%clk 0:00:49]} 28. Qxe7+
{[%clk 0:00:47]} Kg8 {[%clk 0:00:50]} 29. Qe8+ {[%clk 0:00:46]} Kg7 30. Qe7+ Kg8
{[%clk 0:00:53]} 31. Qe8+ {[%clk 0:00:30]} Kg7 {[%clk 0:00:54]} 32. Qe7+
{[%clk 0:00:22]} Kg8 1/2-1/2